=LDR 00000nam 2200000 4500 =001 000190 =020 $9786025858185 =082 $808.100 =100 $$a Irwan Kelana =245 $$a Juragan Pisang /$c Irwan Kelana =250 $Cetakan I =264 $Jakarta: AlMawardi Prima 2020 =300 $vi, 64 halaman; 19 cm. =650 $Sastra =905 $808.1 IRW j =336 $$a =337 $$a =338 $$a =005 20260702151432.0 =008 260702s2026\\\\\\\\\\\\\\\\\\\\\\\\\\\\\\\\\\\\\\\\\